Szczegóły MARC21

Akten des X. Internationalen Germanistenkongresses Wien 2000 : "Zeitenwende - die Germanistik aus dem Weg vom 20. ins 21. Jahrhundert". Band 1, Grußvorte und Eröffnungsvorträge, Plenavorträge, Disskusionsforen, Berichte /

003 -Nazwa inst., której nr kontr. jest w polu 001 [,]
    • @
    • Nazwa instytucji, której n kontrolny jest w polu 001
    • NUKAT
005 -DATA I CZAS OSTATNIEJ MODYFIKACJI [,]
    • @
    • pole kontrolne
    • 20241231092743.0
020 -Międzynarod. znormalizowany nr książki - ISBN [ , ]
    • a
    • Numer ISBN
    • 3906766004 Find
040 -Instytucja sporządzająca opis [ , ]
    • a
    • Instytucja, która sporządziła opis (NP)
    • SZCZ U/KP
    • b
    • Język katalogowania
    • pol
    • e
    • Zasady katalogowania
    • rda
    • c
    • Instytucja, która sporządziła rekord (NP)
    • SZCZ U/KPs
942 -Rodzaj dokumentu [ , ]
    • c
    • Rodzaj dokumentu
    • Książka
111 -Hasło główne - nazwa imprezy [2, ]
    • a
    • Nazwa imprezy (NP)
    • Internationaler Germanisten-Kongress Find
    • n
    • Numer imprezy (P)
    • (10 ;
    • d
    • Data imprezy (NP)
    • 2000 ;
    • c
    • Miejsce imprezy (NP)
    • Wiedeń).
    • 9
    • KHW
    • 574475
245 -Strefa tytułu i oznaczenia odpowiedzialności [1,0]
    • a
    • Tytuł
    • Akten des X. Internationalen Germanistenkongresses Wien 2000 : Find
    • b
    • Ciąg dalszy tytułu (NP)
    • "Zeitenwende - die Germanistik aus dem Weg vom 20. ins 21. Jahrhundert". Find
    • n
    • Oznaczenie części (P)
    • Band 1,
    • p
    • Nazwa części (P)
    • Grußvorte und Eröffnungsvorträge, Plenavorträge, Disskusionsforen, Berichte /
    • c
    • Pozostałe elementy strefy tytułu i oznaczenia odpowiedzialności (NP)
    • herausgegeben von Peter Wiesinger, unter Mitarbeit von Hans Derkits ; Band 1 herausgegeben von Peter Wiesinger.
246 -Wariant tytułu [3,0]
    • a
    • Tytuł (NP)
    • Grußvorte und Eröffnungsvorträge, Plenavorträge, Disskusionsforen, Berichte
260 -Strefa adresu wydawniczego [ , ]
    • a
    • Miejsce wydania (P)
    • Bern [i pozostałe] :
    • b
    • Nazwa wydawcy (P)
    • Peter Lang,
    • c
    • Data wydania (P)
    • 2002.
300 -Strefa opisu fizycznego [ , ]
    • a
    • Określenie formy książki i/lub objętość (NP)
    • 180 stron :
    • b
    • Oznaczenie ilustracji (NP)
    • ilustracje ;
    • c
    • Format (NP)
    • 23 cm.
336 -Typ zawartości [ , ]
    • a
    • Termin opisujący typ zawartości
    • Tekst
    • b
    • Kod określający zawartość
    • txt
    • 2
    • Źródło (terminu i kodu)
    • rdacontent
337 -Typ mediów [ , ]
    • a
    • Tryb odtwarzania
    • Bez urządzenia pośredniczącego
    • b
    • Kod typu mediów
    • n
    • 2
    • Źródło (terminu i kodu)
    • rdamedia
338 -Typ/rodzaj nośnika [ , ]
    • a
    • Hasło opisujące typ nośnika
    • Wolumin
    • b
    • Kod typu nośnika
    • nc
    • 2
    • Źródło (terminu i kodu)
    • rdacarrier
490 -Strefa serii i książki wielotomowej - forma nie do wyszukiwania [1, ]
    • a
    • Tytuł (P)
    • Jahrbuch für Internationale Germanistik. Reihe A, Kongressberichte, Find
    • x
    • ISSN (NP)
    • 0171-8320 ;
    • v
    • Numeracja (P)
    • Bd. 53
830 -Hasło dodatkowe serii i opisu książki wielotomowej - tytuł ujednolicony/tytuł [ ,0]
    • a
    • Tytuł ujednolicony/tytuł (NP)
    • Jahrbuch für Internationale Germanistik.
    • n
    • Oznaczenie części/podserii/sekcji (P)
    • Reihe A,
    • p
    • Nazwa części/podserii/sekcji (P)
    • Kongressberichte
    • x
    • ISSN
    • 0171-8320
    • v
    • Oznaczenie tomu (NP)
    • Bd. 53
    • 9
    • KHW
    • 9789
500 -Uwaga ogólna [ , ]
    • a
    • Uwaga ogólna (NP)
    • Na stronie redakcyjnej błędny ISSN : 0721-3905.
504 -Uwaga dot. bibliogr. załącznikowej [ , ]
    • a
    • Uwaga dot. bibliografii załącznikowej
    • Bibliografia przy artykułach.
080 -Uniwersalna Klasyfikacja Dziesiętna [ , ]
    • a
    • Symbol klasyfikacji
    • 008(061)=30
080 -Uniwersalna Klasyfikacja Dziesiętna [ , ]
    • a
    • Symbol klasyfikacji
    • :82.015.19(061)=30
650 -Hasło przedmiotowe [ ,7]
    • a
    • Hasło przedmiotowe
    • Język niemiecki
    • v
    • Określnik formalny
    • konferencje.
    • 2
    • Źródło terminu
    • kaba
    • 9
    • KHW
    • 469436
980 -Symbol UKD [ , ]
    • a
    • UKD
    • 008(061)=30:82.015.19(061)=30
700 -Hasło dodatkowe - nazwa osobowa [1, ]
    • a
    • Nazwa osobowa (NP)
    • Wiesinger, Peter Find
    • d
    • Daty biograficzne (NP)
    • (1938- ).
    • e
    • Określenie rodzaju współpracy
    • Redakcja
    • 9
    • KHW
    • 482859
700 -Hasło dodatkowe - nazwa osobowa [1, ]
    • a
    • Nazwa osobowa (NP)
    • Derkits, Hans. Find
    • e
    • Określenie rodzaju współpracy
    • Redakcja
    • 9
    • KHW
    • 574476
710 -Hasło dodatkowe - nazwa ciała zbiorowego [2, ]
    • a
    • Nazwa ciała zbiorowego lub nazwa geograficzna jako pierwszy element (NP)
    • Verlag Peter Lang.
    • e
    • Rodzaj współpracy
    • Wydawca
    • 4
    • Kod relacji
    • pbl
    • 9
    • KHW
    • 613284
920 -ISBN [ , ]
    • a
    • ISBN
    • 3-906766-00-4 Find
Status udost. Sygnatura Lokalizacja Data inwentaryzacji Numer inwentarzowy
1 BM2006-03-07G.17976
-3Germ. Konferencje 16BM2021-04-09BJM.17